Guess the musical lyrics 2 Quiz Stats

 Plays Quiz not verified by Sporcle

Also try: Singers on 'SNL'
Challenge
Share
Tweet
Embed
Score 0/144 Timer 10:00
0 Plays Today
% Correct
a
98.8%
and
98.8%
98.8%
and
98.8%
and
98.8%
the
98.8%
and
98.8%
the
98.8%
the
98.8%
the
98.8%
I
95.8%
I
95.8%
I
95.8%
I
95.8%
You
86.9%
You
86.9%
You
86.9%
you
86.9%
you
86.9%
you
86.9%
you
86.9%
you
86.9%
you
86.9%
you
86.9%
you
86.9%
me
74.2%
me
74.2%
me
74.2%
me
74.2%
to
71.8%
to
71.8%
to
71.8%
to
71.8%
be
68.2%
do
68%
we
67.3%
my
65.7%
my
65.7%
it
63.5%
of
63%
for
57.8%
No
57.8%
No
57.8%
No
57.8%
your
56.7%
that
56.1%
if
56.1%
that
56.1%
% Correct
that
56.1%
were
51.4%
were
51.4%
were
51.4%
were
51.4%
were
51.4%
were
51.4%
were
51.4%
Why
51.2%
all
50.5%
one
50.3%
can't
50.2%
could
47.4%
could
47.4%
was
46.4%
hear
46.2%
Then
43.1%
would
42.9%
would
42.9%
here
42%
here
42%
here
42%
just
41.7%
just
41.7%
Too
38.8%
say
38.6%
say
38.6%
never
37.9%
more
37%
more
37%
more
37%
world
35.3%
live
33%
once
32.4%
once
32.4%
voice
31%
friend
30.8%
Give
29.4%
Help
29.2%
again
27.9%
again
27.9%
again
27.9%
mattered
27.2%
dreamed
26.5%
dreamed
26.5%
must
26%
near
25.6%
companion
25.4%
% Correct
Try
25.4%
try
25.4%
goodbye
25.1%
goodbye...
25.1%
shattered
24.9%
father
24.7%
somehow
24.6%
somehow
24.6%
Somehow
24.6%
somehow
24.6%
Wishing
24.4%
Wishing
24.4%
Wishing
24.4%
Wishing
24.4%
tears
23.9%
tears...
23.9%
die
23.2%
strength
23.2%
Knowing
23%
Dreaming
23%
many
23%
knowing
23%
years
21.6%
years...
21.6%
Seem
21.1%
back
20.9%
past
20.4%
Sometimes
19%
warm
18.7%
silent
18.7%
fighting
18.3%
teach
18.3%
forgive
18.2%
gentle
17.6%
across
17.6%
seemed
17.3%
wrong
16.8%
memories
16.3%
wasted
16.1%
cold
15.4%
angels
14.7%
companions
14%
Passing
13%
bells
12.8%
monumental
12.8%
sculpted
12.6%
gazing
10.6%
helped
9.5%

You're not logged in!

Compare scores with friends on all Sporcle quizzes.
OR
Log In

You Might Also Like...

Show Comments

Extras

Top Quizzes Today


Score Distribution

Your Account Isn't Verified!

In order to create a playlist on Sporcle, you need to verify the email address you used during registration. Go to your Sporcle Settings to finish the process.

Report this User

Report this user for behavior that violates our Community Guidelines.

Details: